000 00519nam a2200169Ia 4500
005 20250508155554.0
008 008 250505s9999 xx 000 0 eng d
037 _aBooks to be hide in OPAC
040 _aFEDL
_beng
_cFEDL
041 _aeng
_2eng
084 _a378.5475, MSU/O
_qFEDL
245 0 _aTenth annual report,1958-59 (1st July, 1958 to 30th June, 1959)
245 0 _cMAHARAJA SAYAJIRAO UNIVERSITY OF BARODA
300 _a248p
942 _cHB
_h378.5475, MSU/O
999 _c1357884
_d1357884